Communication Aid For Autistic : (Record no. 217152)
[ view plain ]
| 000 -LEADER | |
|---|---|
| fixed length control field | 00602 a2200169 4500 |
| 003 - CONTROL NUMBER IDENTIFIER | |
| control field | Nust |
| 005 - DATE AND TIME OF LATEST TRANSACTION | |
| control field | 20170207171534.0 |
| 040 ## - CATALOGING SOURCE | |
| Transcribing agency | Nust |
| 082 ## - DEWEY DECIMAL CLASSIFICATION NUMBER | |
| Classification number | 005.1 |
| 100 ## - MAIN ENTRY--PERSONAL NAME | |
| Personal name | Ifzal, Saira (MSCS-19) |
| 245 ## - TITLE STATEMENT | |
| Title | Communication Aid For Autistic : |
| Remainder of title | For Pictures to English Sentences |
| Medium | Saira Ifzal |
| 260 ## - PUBLICATION, DISTRIBUTION, ETC. | |
| Place of publication, distribution, etc. | Rawalpindi |
| Name of publisher, distributor, etc. | MCS,NUST |
| Date of publication, distribution, etc. | 2015 |
| 300 ## - PHYSICAL DESCRIPTION | |
| Extent | IX,67 p |
| 505 ## - FORMATTED CONTENTS NOTE | |
| Formatted contents note | • Introduction (Page-1), Literatures Review (Page-3), System / Research Explation (Page-17), Application (Page-41), Analysis and Evaluation (Page-48), Conclusion and Future Work (Page-66), |
| 650 ## - SUBJECT ADDED ENTRY--TOPICAL TERM | |
| Topical term or geographic name entry element | PG Thesis |
| 651 ## - SUBJECT ADDED ENTRY--GEOGRAPHIC NAME | |
| Geographic name | MSCS-19 |
| 942 ## - ADDED ENTRY ELEMENTS (KOHA) | |
| Koha item type | |
| Withdrawn status | Lost status | Source of classification or shelving scheme | Damaged status | Not for loan | Collection code | Permanent Location | Current Location | Date acquired | Total Checkouts | Full call number | Barcode | Date last seen | Price effective from | Koha item type |
|---|---|---|---|---|---|---|---|---|---|---|---|---|---|---|
| Military College of Signals (MCS) | Military College of Signals (MCS) | 12/12/2016 | 005.1 IFZ | MCSTCS-360 | 12/08/2016 | 12/12/2016 | Book |
